Monetary Instruments, FX Rates and 10Y Yields Outside the Eurozone

Elmentve itt :
Bibliográfiai részletek
Szerzők: Kiss Gábor Dávid
Sávai Marianna
Dokumentumtípus: Könyv része
Megjelent: Vydavateľstvo EKONÓM; EKONOM Publishing House Bratislava 2017
Sorozat:Challenges for financial sector of CEE countries in overcoming problems of economic integration in the EU
mtmt:3128624
Online Access:http://publicatio.bibl.u-szeged.hu/21849
LEADER 01027naa a2200229 i 4500
001 publ21849
005 20251204084203.0
008 210709s2017 hu o 000 eng d
020 |a 9788022543620 
024 7 |a 3128624  |2 mtmt 
040 |a SZTE Publicatio Repozitórium  |b hun 
041 |a eng 
100 1 |a Kiss Gábor Dávid 
245 1 0 |a Monetary Instruments, FX Rates and 10Y Yields Outside the Eurozone  |h [elektronikus dokumentum] /  |c  Kiss Gábor Dávid 
260 |a Vydavateľstvo EKONÓM; EKONOM Publishing House  |b Bratislava  |c 2017 
300 |a 8 
300 |a 139-146 
490 0 |a Challenges for financial sector of CEE countries in overcoming problems of economic integration in the EU 
700 0 1 |a Sávai Marianna  |e aut 
856 4 0 |u http://publicatio.bibl.u-szeged.hu/21849/7/3128624_c%C3%ADmlap.pdf  |z Dokumentum-elérés  
856 4 0 |u http://publicatio.bibl.u-szeged.hu/21849/8/3128624_tart.jegy..pdf  |z Dokumentum-elérés  
856 4 0 |u http://publicatio.bibl.u-szeged.hu/21849/42/KissandSavai%282%29.pdf  |z Dokumentum-elérés